000 00256 a2200097 4500
001 32894
100 _aNawazish Ali Shah
245 _aVector and tensor analysis for Scientists and Engineers
260 _aLahore
_bA-One Publisher
_c
090 _c22046
_d22046
942 _aNUST-CAE
_cM
_c13388
999 _c267967
_d267967